Ideology, objectivity and education

Αποθηκεύτηκε σε:
Λεπτομέρειες βιβλιογραφικής εγγραφής
Κύριος συγγραφέας: Watt, John
Μορφή: Βιβλίο
Γλώσσα:English
Δημοσίευση: New York : Teachers College Press, 1994
Σειρά:Advances in contemporary educational thought series
Θέματα:
Ετικέτες: Προσθήκη ετικέτας
Δεν υπάρχουν, Καταχωρήστε ετικέτα πρώτοι!

MARC

LEADER 00000nam a2200000 i 4500
001 1/87749
008 990802s1994 eng d
020 |a 0-8077-3332-6 
035 |l 10052368 
040 |a GR-MY-UA  |b gre  |e aacr 
041 0 |a eng 
082 0 |a 370.1 
100 1 |a Watt, John. 
245 1 0 |a Ideology, objectivity and education /  |c John Watt 
260 |a New York :   |b Teachers College Press,   |c 1994 
300 |a 237 p. 
490 1 |a Advances in contemporary educational thought series 
650 0 0 |a Education  |x Philosophy. 
650 0 0 |a Objectivity. 
830 0 |a Advances in contemporary educational thought series 
852 |a INST  |b RHODES  |e 19990802  |h 370.1 WAT  |p 005400014445  |q 005400014445  |t BK  |y 0 
901 |a BIBL4-1999-2 
909 |a Ρ  |b 066633 
922 |a 4ΕΛΗ  |b 199907  |c ΚΠΣ/154  |d LEADER 
970 |z 1999/08/02  |a ΚΟΥΛΑΚΙΟΤΗ  |b ΛΙΤΣΑ